000 00275nam a22001097a 4500
008 170113b xxu||||| |||| 00| 0 eng d
020 _a9780131512542
041 _aeng
080 _22ND
_a618.2
245 _aCOMPLEMENTARY& ALTERNATIVE THERAPIES
_cFONTAINE, K.L
942 _2udc
_cBK
999 _c2856
_d2856